000
00299nam a22001337a 4500
008
180828b xxu||||| |||| 00| 0 eng d
020
_a
9780073222967
041
_a
eng
080
_2
6 ED
_a
330.101262
100
_a
52
101
_a
MIK
245
_a
MICROECONOMICS
_c
COLANDER.DC
942
_2
udc
_c
BK
999
_c
47364
_d
47364